Statistics for Guess the Taylor Swift song no hints #16

Click here to take the quiz!

General Stats

  • This quiz has been taken 72 times
  • The average score is 173 of 269

Answer Stats

Answer% Correct
The
100%
the
100%
a
98%
I
98%
You
98%
(You
98%
(you
98%
you
98%
To
97%
to
97%
when
97%
When
97%
your
93%
you're
93%
in
90%
No
90%
so
90%
So
90%
who
90%
don't
88%
it
88%
my
88%
My
88%
of
88%
That
88%
they
88%
Where
88%
where
88%
And
87%
and
87%
not
87%
is
83%
like
83%
was
83%
all
82%
knew
78%
one
78%
cause
77%
for
77%
If
77%
if
77%
there
77%
at
75%
have
75%
just
73%
out
73%
But
72%
Never
72%
from
70%
can
68%
did
67%
should
65%
Get
63%
someone
60%
take
60%
These
58%
these
58%
make
57%
who's
55%
Dear
53%
reader
53%
free
52%
right
52%
wouldn't
52%
apart
50%
falling
50%
hand
50%
nights
50%
lose
48%
run
48%
advice
47%
feels
47%
friends
47%
house
47%
home
45%
sees
45%
walking
45%
care
43%
man
43%
talking
43%
alone
42%
already
42%
find
42%
nobody's
42%
please
42%
solitaire
42%
through
42%
trap
42%
word
42%
answer
40%
hiding
40%
plain
40%
playing
40%
sight
40%
aim
38%
another)
38%
another
38%
asked
38%
bright
38%
cursed
38%
darling
38%
drink
38%
fourth
38%
light
38%
lives
38%
means
38%
miss
38%
past
38%
prayers
38%
prefer
38%
shine
38%
sure
38%
desperate
37%
devil
37%
pick
37%
recognize
37%
wander
37%
yourself
37%
desert
35%
greatest
35%
secrets
35%
snap
35%
found
33%
guiding
33%
Guiding
33%
luxuries
33%
map
33%
somewhere
33%
Bend
32%
Burn
32%
Spilling
32%
pace
30%
files
25%
pen
25%

Score Distribution

Percentile by Number Answered

Percent of People with Each Score

Your Score History

You have not taken this quiz